| 000 | 00587nam a2200193Ia 4500 | ||
|---|---|---|---|
| 003 | IN-BaIIA | ||
| 008 | 211028s9999 xx 000 0 eng d | ||
| 040 | _cIIA Library | ||
| 080 |
_a62 _bPUN-2 |
||
| 100 |
_aPunmia, B. C _99555 |
||
| 245 | 0 |
_aSurveying _bvol. 2, a text-book for degree, diploma and A. M. I. E students _cB. C. Punmia |
|
| 250 | _a3rd ed. | ||
| 260 |
_aDelhi _bStandard Book House _c1975 |
||
| 300 | _axii, 560p. | ||
| 650 |
_aGeodetic surveys _99556 |
||
| 650 | _aNASA Thesaurus | ||
| 650 |
_aSurveys _9164 |
||
| 942 | _cBK | ||
| 999 |
_c5502 _d5502 |
||